000 00646nam a2200205Ia 4500
001 13124
003 GE_BSU
008 181216s||||||||xx |||||||||||||| ||und||
040 _cGE_BSU
080 _a631.4
100 _aВильямс,В.Р.
245 _aСобрание сочинении в двенадцати томах.т.12. Справочный
245 _cРед.Л.М.Берцинская
260 _aМосква
260 _bГосиздат сель.-хоз.лит-ры
260 _c1953
300 _a363стр.27см.
653 _aСобрание сочинении в двенадцати томах.
942 _cBK
999 _c46289
_d46289